| 000 | 00616nam a2200193 a 4500 | ||
|---|---|---|---|
| 001 | 000026949 | ||
| 005 | 20240530073919.0 | ||
| 008 | 110328s1950 dr 000 f spa d | ||
| 040 |
_aDO-SdBNP _bspa _cBNPHU |
||
| 082 |
_aRD863.44 _bC762L |
||
| 100 | 1 |
_aContín, Silvestre Emilio, _d1904- _934485 |
|
| 245 | 1 | 0 |
_aLlamas de pasión / _cSilvestre Emilio Contín. |
| 260 |
_aCiudad Trujillo, República Dominicana : _bArte y Cine, _c[1950?]. |
||
| 300 |
_a116 p. ; _c22 cm. |
||
| 650 | 0 |
_aNovela dominicana _9223 |
|
| 650 | 0 |
_aLiteratura dominicana. _967 |
|
| 910 | _aValidado. Control de calidad BNPHU | ||
| 049 | _aBNPD | ||
| 999 |
_c26441 _d26441 |
||